[Event "HUN-chT2 Maroczy 0304"]
[Site "Hungary"]
[Date "2003.12.07"]
[Round "5"]
[White "Felegyhazi, Laszlo"]
[Black "Szilagyi, Zsolt"]
[Result "1/2-1/2"]
[WhiteElo "2345"]
[BlackElo "2275"]
[PlyCount "43"]
[EventDate "2003.09.28"]
[EventType "team"]
[EventRounds "11"]
[EventCountry "HUN"]
[SourceTitle "EXT 2005"]
[Source "ChessBase"]
[SourceDate "2004.11.15"]
[SourceVersion "1"]
[SourceVersionDate "2004.11.15"]
[SourceQuality "1"]

1. e4 e6 2. d4 d5 3. Nc3 Nf6 4. Bg5 Be7 5. Bxf6 Bxf6 6. Nf3 Nc6 7. e5 Be7 8. a3 0-0 9. Bd3 f6 10. exf6 Bxf6 11. 0-0 Kh8 12. Ne5 Bxe5 13. Qh5 g6 14. Bxg6 Qe7 15. dxe5 Qg7 16. Bd3 Nxe5 17. f4 Nxd3 18. cxd3 Rf5 19. Qe8+ Rf8 20. Qh5 Rf5 21. Qe8+ Rf8 22. Qh5 1/2-1/2

[Event "HUN-chT2 Maroczy 0304"]
[Site "Hungary"]
[Date "2003.10.05"]
[Round "2"]
[White "Felegyhazi, Laszlo"]
[Black "Marosi, Csaba"]
[Result "1/2-1/2"]
[WhiteElo "2345"]
[BlackElo "2192"]
[PlyCount "40"]
[EventDate "2003.09.28"]
[EventType "team"]
[EventRounds "11"]
[EventCountry "HUN"]
[SourceTitle "EXT 2005"]
[Source "ChessBase"]
[SourceDate "2004.11.15"]
[SourceVersion "1"]
[SourceVersionDate "2004.11.15"]
[SourceQuality "1"]

1. d4 Nf6 2. Nf3 d5 3. Bf4 Bf5 4. e3 e6 5. c3 Bd6 6. Bd3 Bxd3 7. Qxd3 c6 8. Nbd2 0-0 9. 0-0 Qc7 10. Bxd6 Qxd6 11. e4 dxe4 12. Nxe4 Nxe4 13. Qxe4 Nd7 14. Rfe1 Nf6 15. Qh4 Rfd8 16. Re5 Rac8 17. Rae1 c5 18. dxc5 Rxc5 19. Rxc5 Qxc5 20. h3 Qb6 1/2-1/2

[Event "Nyiregyhaza op"]
[Site "Nyiregyhaza"]
[Date "2003.07.13"]
[Round "9"]
[White "Valko, Krisztian"]
[Black "Felegyhazi, Laszlo"]
[Result "1/2-1/2"]
[WhiteElo "2145"]
[BlackElo "2345"]
[PlyCount "73"]
[EventDate "2003.07.05"]
[EventType "swiss"]
[EventRounds "9"]
[EventCountry "HUN"]
[SourceTitle "EXT 2005"]
[Source "ChessBase"]
[SourceDate "2004.11.15"]
[SourceVersion "1"]
[SourceVersionDate "2004.11.15"]
[SourceQuality "1"]

1. e4 c5 2. Nf3 Nc6 3. d4 cxd4 4. Nxd4 g6 5. c4 Bg7 6. Be3 Nf6 7. Nc3 Ng4 8. Qxg4 Nxd4 9. Qd1 Ne6 10. Bd3 d6 11. 0-0 0-0 12. Rc1 Qa5 13. Qd2 f5 14. f3 f4 15. Bf2 b6 16. Rfd1 Qg5 17. Nd5 Rf7 18. b4 Qe5 19. Kh1 Bd7 20. Bc2 Rc8 21. Bb3 g5 22. c5 bxc5 23. bxc5 Qb2 24. Rc2 Qa3 25. cxd6 Rxc2 26. Qxc2 exd6 27. Nc7 Re7 28. Nxe6 Bxe6 29. Bxe6+ Rxe6 30. Qc8+ Kf7 31. Qd7+ Re7 32. Qf5+ Ke8 33. Qc8+ Kf7 34. Qf5+ Ke8 35. Qxg5 Qxa2 36. Bh4 Rd7 37. Qxf4 1/2-1/2

[Event "Nyiregyhaza op"]
[Site "Nyiregyhaza"]
[Date "2003.07.11"]
[Round "7"]
[White "Felegyhazi, Laszlo"]
[Black "Bartha, Laszlo"]
[Result "1-0"]
[WhiteElo "2345"]
[BlackElo "2124"]
[PlyCount "109"]
[EventDate "2003.07.05"]
[EventType "swiss"]
[EventRounds "9"]
[EventCountry "HUN"]
[SourceTitle "EXT 2005"]
[Source "ChessBase"]
[SourceDate "2004.11.15"]
[SourceVersion "1"]
[SourceVersionDate "2004.11.15"]
[SourceQuality "1"]

1. d4 Nf6 2. Bg5 d5 3. Bxf6 exf6 4. e3 f5 5. c4 Bb4+ 6. Nc3 0-0 7. Qb3 Bxc3+ 8. Qxc3 c6 9. Nf3 Nd7 10. cxd5 cxd5 11. Bd3 Nf6 12. 0-0 Ne4 13. Qb3 g5 14. Rad1 g4 15. Nd2 Kh8 16. Nb1 Rg8 17. Nc3 Be6 18. Bxe4 fxe4 19. Ne2 b6 20. Nf4 Qd6 21. Rc1 Rac8 22. Qb5 f5 23. Qa6 Bd7 24. Qb7 Bc6 25. Qf7 Rcf8 26. Qe6 Rf6 27. Qxd6 Rxd6 28. Rc3 Rf8 29. Rfc1 Rff6 30. b4 a6 31. a4 b5 32. axb5 axb5 33. Rc5 Kg8 34. Ra1 Kf8 35. Ra7 Rf7 36. Ra6 Rff6 37. Ra7 Rf7 38. Ra5 Rff6 39. Ne2 Be8 40. Nc3 Ra6 41. Rxa6 Rxa6 42. g3 Ra1+ 43. Kg2 Rc1 44. Nxd5 Rxc5 45. dxc5 Bc6 46. Nf4 Ke7 47. Kf1 Kf6 48. Ke1 Ke5 49. Kd2 Be8 50. Ne2 Kd5 51. Kc3 Bc6 52. Nd4 Bd7 53. Kb3 Ke5 54. c6 Be8 55. c7 1-0

[Event "Nyiregyhaza op"]
[Site "Nyiregyhaza"]
[Date "2003.07.07"]
[Round "3"]
[White "Miko, Sandor"]
[Black "Felegyhazi, Laszlo"]
[Result "0-1"]
[WhiteElo "2179"]
[BlackElo "2345"]
[PlyCount "113"]
[EventDate "2003.07.05"]
[EventType "swiss"]
[EventRounds "9"]
[EventCountry "HUN"]
[SourceTitle "EXT 2005"]
[Source "ChessBase"]
[SourceDate "2004.11.15"]
[SourceVersion "1"]
[SourceVersionDate "2004.11.15"]
[SourceQuality "1"]

1. Nf3 c5 2. g3 Nc6 3. Bg2 e5 4. e4 Nf6 5. d3 d5 6. Nbd2 d4 7. 0-0 Qc7 8. a4 a6 9. Nc4 b6 10. Nh4 Be6 11. b3 Rc8 12. f4 b5 13. axb5 axb5 14. Nxe5 Nxe5 15. fxe5 Nd7 16. Ra6 Nxe5 17. Bf4 Bd6 18. Bxe5 Bxe5 19. Rxe6+ fxe6 20. Qh5+ g6 21. Qg4 Qe7 22. Nf3 Bb8 23. Bh3 Rc6 24. e5 0-0 25. Qe4 Ra6 26. Bg4 Kg7 27. h4 Rf7 28. Kg2 Qb7 29. Qe2 Qd5 30. Kh2 Bxe5 31. Re1 Bb8 32. Ng5 Rf6 33. Bf3 Qf5 34. Rf1 Qe5 35. Ne4 Rf8 36. Qg2 Ra7 37. Qh3 Raf7 38. Kg2 h6 39. Qg4 Qf5 40. Qxf5 Rxf5 41. g4 Re5 42. Ra1 Bc7 43. Ra7 Rf7 44. Ra6 Bd8 45. Nd6 Rd7 46. Nxb5 Bxh4 47. Nd6 Re1 48. Ne4 Rc1 49. Kh3 Be7 50. Rxe6 Rxc2 51. Ng3 Rd2 52. Be4 Bf6 53. Rc6 Ra7 54. Nf1 Rf2 55. Nh2 Raa2 56. Nf3 Rae2 57. Kg3 0-1

[Event "HUN-chT2 Maroczy 0203"]
[Site "Hungary"]
[Date "2003.04.06"]
[Round "10.3"]
[White "Butunoi, Alexandru Victor"]
[Black "Felegyhazi, Laszlo"]
[Result "1-0"]
[WhiteElo "2355"]
[BlackElo "2358"]
[PlyCount "95"]
[EventDate "2002.09.22"]
[EventType "team"]
[EventRounds "11"]
[EventCountry "HUN"]
[SourceTitle "EXT 2004"]
[Source "ChessBase"]
[SourceDate "2003.11.25"]
[SourceVersion "1"]
[SourceVersionDate "2003.11.25"]
[SourceQuality "1"]
[WhiteTeam "Mako"]
[BlackTeam "Matra"]
[WhiteTeamCountry "HUN"]
[BlackTeamCountry "HUN"]

1. e4 c5 2. Nf3 Nc6 3. d4 cxd4 4. Nxd4 g6 5. c4 Bg7 6. Be3 Nf6 7. Nc3 Ng4 8. Qxg4 Nxd4 9. Qd1 e5 10. Nb5 0-0 11. Qd2 Qe7 12. f3 a6 13. Nxd4 exd4 14. Bxd4 Bxd4 15. Qxd4 Qb4+ 16. Qd2 Qxd2+ 17. Kxd2 d6 18. Be2 Be6 19. Rhd1 Rac8 20. b3 Rfd8 21. Ke3 Kf8 22. Rd4 Ke7 23. h4 h6 24. f4 h5 25. Rad1 Rd7 26. f5 gxf5 27. exf5 Bxf5 28. Bxh5 Be6 29. Bf3 b5 30. cxb5 axb5 31. g4 Ra7 32. R1d2 Rh8 33. h5 Ra6 34. Kf4 Rb6 35. g5 b4 36. Bg4 Rg8 37. h6 Rb5 38. h7 Rh8 39. Bxe6 fxe6 40. Rxd6 Kf7 41. Rh2 Rf5+ 42. Kg4 Ke7 43. Rb6 Rf1 44. Rb7+ Kd6 45. g6 Rg1+ 46. Kh5 Rf8 47. Kh6 Rf6 48. Rg7 1-0

[Event "HUN-chT2 Maroczy 0304"]
[Site "Hungary"]
[Date "2003.04.04"]
[Round "10"]
[White "Felegyhazi, Laszlo"]
[Black "Khechumyan, Gagik"]
[Result "1-0"]
[WhiteElo "2345"]
[BlackElo "2290"]
[PlyCount "56"]
[EventDate "2003.09.28"]
[EventType "team"]
[EventRounds "11"]
[EventCountry "HUN"]
[SourceTitle "EXT 2005"]
[Source "ChessBase"]
[SourceDate "2004.11.15"]
[SourceVersion "1"]
[SourceVersionDate "2004.11.15"]
[SourceQuality "1"]

1. Nf3 Nf6 2. c4 c5 3. Nc3 Nc6 4. g3 g6 5. Bg2 Bg7 6. 0-0 0-0 7. d4 cxd4 8. Nxd4 d6 9. Nxc6 bxc6 10. Bxc6 Bh3 11. Bxa8 Qxa8 12. f3 Bxf1 13. Kxf1 Rc8 14. Qd3 Qb7 15. b3 d5 16. Rb1 dxc4 17. bxc4 Qa6 18. Be3 e6 19. Rb5 h6 20. a4 Ne8 21. c5 Nc7 22. Ne4 Qxa4 23. Rb7 Nd5 24. Bf2 Rf8 25. Nd6 a5 26. Kg2 Nb4 27. Qc4 Qd1 28. Ra7 Nc2 1-0